| 000 | 005510000a22001810004500 | ||
|---|---|---|---|
| 003 | MACL | ||
| 005 | 20151213170445.0 | ||
| 008 | 151213b xxu||||| |||| 00| 0 eng d | ||
| 040 |
_aMACL _cMACL |
||
| 041 | _aHindi | ||
| 082 | _a741.642 | ||
| 100 |
_aराजेन्द प्रसाद _920266 |
||
| 245 | _aदादाजी की कथा-कहावतें | ||
| 260 |
_bविकास पेपर बैक्स _c2008 |
||
| 350 | _a175 | ||
| 650 |
_aचिल्डन बुक _9314 |
||
| 942 |
_cHIN _k741.642/PRA _2ddc |
||
| 999 |
_c42797 _d42797 |
||